000
00335nam a2200133Ia 4500
008
150201s2014 xx 000 0 und d
082
_a
611.313
_b
I2012N
100
_a
FEHRENBACH ,M.J
245
_a
ILLUSTRATED ANATOMY OF THE HEAD AND NECK
250
_a
1ST
260
_b
ELSEVIER PUBLICATION
650
_a
ANATOMY
942
_2
ddc
_c
BK
_0
2
999
_c
4889
_d
4889